<?xml version="1.0" encoding="UTF-8"?><?xml-stylesheet type="text/xsl" href="static/style.xsl"?><OAI-PMH xmlns="http://www.openarchives.org/OAI/2.0/" xmlns:xsi="http://www.w3.org/2001/XMLSchema-instance" xsi:schemaLocation="http://www.openarchives.org/OAI/2.0/ http://www.openarchives.org/OAI/2.0/OAI-PMH.xsd"><responseDate>2026-04-14T07:35:53Z</responseDate><request verb="GetRecord" identifier="oai:www.recercat.cat:2445/119448" metadataPrefix="marc">https://recercat.cat/oai/request</request><GetRecord><record><header><identifier>oai:recercat.cat:2445/119448</identifier><datestamp>2025-11-20T14:23:27Z</datestamp><setSpec>com_2072_1057</setSpec><setSpec>col_2072_478770</setSpec><setSpec>col_2072_478917</setSpec></header><metadata><record xmlns="http://www.loc.gov/MARC21/slim" xmlns:dcterms="http://purl.org/dc/terms/" xmlns:xsi="http://www.w3.org/2001/XMLSchema-instance" xmlns:doc="http://www.lyncode.com/xoai" xsi:schemaLocation="http://www.loc.gov/MARC21/slim http://www.loc.gov/standards/marcxml/schema/MARC21slim.xsd">
   <leader>00925njm 22002777a 4500</leader>
   <datafield ind2=" " ind1=" " tag="042">
      <subfield code="a">dc</subfield>
   </datafield>
   <datafield ind2=" " ind1=" " tag="720">
      <subfield code="a">Mas Grau, Jordi</subfield>
      <subfield code="e">author</subfield>
   </datafield>
   <datafield ind2=" " ind1=" " tag="260">
      <subfield code="c">2018-01-31T11:55:58Z</subfield>
   </datafield>
   <datafield ind2=" " ind1=" " tag="260">
      <subfield code="c">2018-01-31T11:55:58Z</subfield>
   </datafield>
   <datafield ind2=" " ind1=" " tag="260">
      <subfield code="c">2017</subfield>
   </datafield>
   <datafield ind2=" " ind1=" " tag="260">
      <subfield code="c">2018-01-31T11:55:58Z</subfield>
   </datafield>
   <datafield ind2=" " ind1=" " tag="520">
      <subfield code="a">En el presente artículo se analiza el modo en que se ha conceptuado la transexualidad en el Manual Diagnóstico y Estadístico de los Trastornos Mentales (DSM). Veremos que los sucesivos cambios de denominación y de criterios diagnósticos obedecen a las presiones recibidas por los redactores del manual por parte de científicos, académicos, organismos políticos y asociaciones por los derechos "trans". Fruto de estas tensiones se ha reconceptualizado la transexualidad en diversas ocasiones, pero se han mantenido las connotaciones mórbidas de la categoría diagnóstica. Abordaremos asimismo el debate sobre la patologización de la transexualidad, que está dominado por dos discursos contrapuestos: el que justifica su inclusión en el DSM porque cree que de este modo se garantiza el acceso a la terapia hormonal y quirúrgica, y el que la critica porque considera que el diagnóstico contribuye a la estigmatización de las personas "trans". Concluiremos el artículo sosteniendo que el acceso a los recursos sanitarios para personas "trans" ha de entenderse como un derecho básico que no puede estar sujeto a requisitos clínicos.</subfield>
   </datafield>
   <datafield tag="653" ind2=" " ind1=" ">
      <subfield code="a">Transgèneres</subfield>
   </datafield>
   <datafield tag="653" ind2=" " ind1=" ">
      <subfield code="a">Psiquiatria</subfield>
   </datafield>
   <datafield tag="653" ind2=" " ind1=" ">
      <subfield code="a">Transgender people</subfield>
   </datafield>
   <datafield tag="653" ind2=" " ind1=" ">
      <subfield code="a">Psychiatry</subfield>
   </datafield>
   <datafield ind2="0" ind1="0" tag="245">
      <subfield code="a">Del transexualismo a la disforia de género en el DSM. Cambios terminológicos, misma esencia patologizante</subfield>
   </datafield>
</record></metadata></record></GetRecord></OAI-PMH>